00350 a2200133 450000100060000002000180000604000240002410000190004824000540006724500490012130000060017036200090017665000310018546116 a9788578480691 cAnchieta - Aquarius aIngpen, Robert10aA maravilhosa jornada dos peruanos cabeludoslpor10aA maravilhosa jornada dos peruanos cabeludos a 0 a2011 4aLiteratura infanto-juvenil